La exposición fotográfica : retos y soluciones (Registro nro. 806745)

Detalles MARC
001 - NÚMERO DE CONTROL
campo de control 1537222
005 - FECHA Y HORA DE LA ÚLTIMA TRANSACCIÓN
campo de control 20260508093714.0
008 - DATOS DE LONGITUD FIJA--INFORMACIÓN GENERAL
campo de control de longitud fija 191028s2013 spa
020 ## - NÚMERO INTERNACIONAL ESTÁNDAR DEL LIBRO
Número Internacional Estándar del Libro 9788479029555
035 ## - NÚMERO DE CONTROL DEL SISTEMA
Número de control de sistema 1537222
040 ## - FUENTE DE LA CATALOGACIÓN
Centro/agencia transcriptor comduadb
041 ## - CÓDIGO DE LENGUA
Código de lengua del texto/banda sonora o título independiente spa
082 #4 - NÚMERO DE LA CLASIFICACIÓN DECIMAL DEWEY
Número de clasificación 771
100 10 - ENTRADA PRINCIPAL--NOMBRE DE PERSONA
Nombre de persona Peterson, Bryan
Código de función aut
Término indicativo de función/relación Autor/a
9 (RLIN) 712121
245 13 - MENCIÓN DE TÍTULO
Título La exposición fotográfica : retos y soluciones
250 ## - MENCIÓN DE EDICIÓN
Mención de edición 1. edición
260 ## - PUBLICACIÓN, DISTRIBUCIÓN, ETC.
Lugar de publicación, distribución, etc. Madrid :
Nombre del editor, distribuidor, etc. Ediciones Tutor,
Fecha de publicación, distribución, etc. 2013.
300 ## - DESCRIPCIÓN FÍSICA
Extensión 144 páginas :
Otras características físicas ilustraciones a color.
505 ## - NOTA DE CONTENIDO CON FORMATO
Nota de contenido con formato CONTENIDO : Introducción. -- Dominar las exposiciones fotográficas creativamente correctas. -- Captar paisajes en cualquier circunstancia. -- Fotografiar el movimiento. -- Fotografiar de noche. -- Utilizar el flash y los reflectores para modificar la luz ambiente. -- Cómo hacer exposiciones artísticas. -- Índice alfabético.
520 3# - SUMARIO, ETC.
Sumario, etc. En la exposición fotográfica: retos y soluciones, Peterson aborda 28 de los retos más comunes de la exposición que los fotógrafos tienen que superar. Se trata de situaciones típicas de exposición con las que tiene que enfrentarse el fotógrafo una y otra vez: escenas de contraste extremo, congelar la acción con poca iluminación, fotografiar la luna llena, exponer al sujeto ante un cielo de puesta del sol, equilibrar el sujeto en la sombra con un fondo muy iluminado y muchas más. En cada una de estas circunstancias, Peterson señala los retos, para ofrecer a continuación una solución sencilla que al mismo tiempo indica cómo un enfoque diferente puede cambiar la imagen de forma decisiva.
650 #7 - PUNTO DE ACCESO ADICIONAL DE MATERIA--TÉRMINO DE MATERIA
Término de materia o nombre geográfico como elemento de entrada Fotografía
Subdivisión general Técnicas
Fuente del encabezamiento o término lemb
9 (RLIN) 6343
650 ## - PUNTO DE ACCESO ADICIONAL DE MATERIA--TÉRMINO DE MATERIA
Término de materia o nombre geográfico como elemento de entrada Fotografía - Manuales
9 (RLIN) 43164
650 ## - PUNTO DE ACCESO ADICIONAL DE MATERIA--TÉRMINO DE MATERIA
Término de materia o nombre geográfico como elemento de entrada Fotografías - Iluminación
9 (RLIN) 175920
700 10 - ENTRADA AGREGADA--NOMBRE PERSONAL
Nombre de persona Domingo Santamaria, David
Código de función edt
Término indicativo de función/relación Editor/a
9 (RLIN) 423804
700 10 - ENTRADA AGREGADA--NOMBRE PERSONAL
Nombre de persona Schleper, Frank
Código de función trl
Término indicativo de función/relación Traductor/a
9 (RLIN) 714969
700 10 - ENTRADA AGREGADA--NOMBRE PERSONAL
Nombre de persona Kent, Jeff
Código de función edt
Término indicativo de función/relación Editor/a
9 (RLIN) 793034
700 10 - ENTRADA AGREGADA--NOMBRE PERSONAL
Nombre de persona Mazur, Julie
Código de función edt
Término indicativo de función/relación Editor/a
9 (RLIN) 793035
942 ## - ELEMENTOS DE ENTRADA AGREGADA (KOHA)
Tipo de ítem Koha Libros
Existencias
Estado de retiro Estado de pérdida Estado dañado No para préstamo Código de colección Localización permanente Ubicación/localización actual Fecha de adquisición Fuente de adquisición Coste, precio normal de compra Número de inventario Total de préstamos Signatura topográfica completa Código de barras Fecha visto por última vez Fecha del último préstamo Número de copia Precio válido a partir de Tipo de ítem Koha
        Colección General Piso 2 Biblioteca Carlos Gaviria Díaz, Campus Medellín Biblioteca Carlos Gaviria Díaz, Campus Medellín 28/10/2019 El Bibliotecólogo 79200.00 C1323031 1 771.37 P485 01086755 08/07/2025 23/10/2023 1 04/05/2023 Libros